[Event "Turning Torso Chess Event 2021"]
[Site "Malmoe"]
[Date "2021.08.22"]
[Round "16.5"]
[White "Brynell, Stellan"]
[Black "Blomqvist, Erik"]
[Result "0-1"]
[WhiteElo "2422"]
[BlackElo "2537"]
[Annotator "ChessBase"]
[PlyCount "84"]
[EventDate "2021.08.20"]
[EventType "tourn"]
[EventCountry "SWE"]
[SourceTitle "playchess.com"]
[Source "ChessBase"]
[SourceQuality "1"]
[TimeControl "900+5"]

1. e4 {[%emt 0:00:03]} c5 {[%emt 0:00:06]} 2. c3 {[%emt 0:00:03]} Nf6 {[%emt 0:
00:03]} 3. e5 {[%emt 0:00:01]} Nd5 {[%emt 0:00:01]} 4. d4 {[%emt 0:00:02]} cxd4
{[%emt 0:00:03]} 5. Nf3 {[%emt 0:00:02]} d6 {[%emt 0:00:02]} 6. cxd4 {[%emt 0:
00:02]} Nc6 {[%emt 0:00:08]} 7. Bc4 {[%emt 0:00:02]} Nb6 {[%emt 0:00:18]} 8.
Bb5 {[%emt 0:00:03]} dxe5 {[%emt 0:00:02]} 9. Nxe5 {[%emt 0:00:04]} Bd7 {
[%emt 0:00:07]} 10. Nxd7 {[%emt 0:00:02]} Qxd7 {[%emt 0:00:01]} 11. Nc3 {
[%emt 0:00:03]} e6 {[%emt 0:00:08]} 12. O-O {[%emt 0:00:04]} Rd8 {[%emt 0:00:
04]} 13. Be3 {[%emt 0:01:13]} Be7 {[%emt 0:00:48]} 14. Rc1 {[%emt 0:00:21]} O-O
{[%emt 0:00:19]} 15. Qf3 {[%emt 0:00:11]} Rc8 {[%emt 0:00:57]} 16. d5 {[%emt 0:
01:08]} Nxd5 {[%emt 0:00:08]} 17. Rfd1 {[%emt 0:01:00]} a6 {[%emt 0:02:04]} 18.
Nxd5 {[%emt 0:01:43]} exd5 {[%emt 0:00:02]} 19. Rxd5 {[%emt 0:00:05]} Qe6 {
[%emt 0:00:01]} 20. Bf1 {[%emt 0:00:38]} Bf6 {[%emt 0:00:38]} 21. Rdc5 {
[%emt 0:03:08]} Bxb2 {[%emt 0:01:28]} 22. R1c2 {[%emt 0:00:25]} Nd4 {[%emt 0:
01:11]} 23. Bxd4 {[%emt 0:01:55]} Bxd4 {[%emt 0:00:03]} 24. Rxc8 {[%emt 0:00:
15]} Rxc8 {[%emt 0:00:02]} 25. Qd5 {[%emt 0:01:00]} Bxf2+ {[%emt 0:00:51]} 26.
Kh1 {[%emt 0:00:01]} Rf8 {[%emt 0:00:54]} 27. Qxe6 {[%emt 0:03:02]} fxe6 {
[%emt 0:00:01]} 28. Bc4 {[%emt 0:00:23]} Rf6 {[%emt 0:01:05]} 29. g3 {[%emt 0:
00:02]} Kf8 {[%emt 0:00:34]} 30. Bb3 {[%emt 0:00:01]} Bd4 {[%emt 0:02:20]} 31.
Rc8+ {[%emt 0:00:20]} Ke7 {[%emt 0:00:01]} 32. Rc7+ {[%emt 0:00:02]} Kd6 {
[%emt 0:00:01]} 33. Rxb7 {[%emt 0:00:05]} Rf1+ {[%emt 0:00:43]} 34. Kg2 {
[%emt 0:00:00]} Rf2+ {[%emt 0:00:01]} 35. Kh3 {[%emt 0:00:02]} h5 {[%emt 0:01:
09]} 36. Rb8 {[%emt 0:00:13]} e5 {[%emt 0:01:06]} 37. Rd8+ {[%emt 0:00:09]} Ke7
{[%emt 0:00:24]} 38. Rg8 {[%emt 0:00:06]} e4 {[%emt 0:00:03]} 39. Rh8 {[%emt 0:
00:09]} e3 {[%emt 0:00:09]} 40. Bc4 {[%emt 0:00:08]} e2 {[%emt 0:00:03]} 41.
Bxe2 {[%emt 0:00:01]} Rxe2 {[%emt 0:00:02]} 42. Rxh5 {[%emt 0:00:02]} Rxa2 {
[%emt 0:00:01]} 0-1

[Event "Turning Torso Chess Event 2021"]
[Site "Malmoe"]
[Date "2021.08.22"]
[Round "10.4"]
[White "Westerberg, Jonathan"]
[Black "Smith, Axel"]
[Result "1-0"]
[WhiteElo "2526"]
[BlackElo "2451"]
[Annotator "RC"]
[PlyCount "67"]
[EventDate "2021.08.20"]
[EventType "tourn"]
[EventCountry "SWE"]
[SourceTitle "playchess.com"]
[Source "ChessBase"]
[SourceQuality "1"]
[TimeControl "900+5"]

1. e4 {[%emt 0:00:05]} c5 {[%emt 0:00:02]} 2. Nc3 {[%emt 0:00:12]} g6 {[%emt 0:
00:46]} 3. f4 {[%emt 0:00:02]} Bg7 {[%emt 0:00:06]} 4. Nf3 {[%emt 0:00:02]} Nc6
{[%emt 0:00:51]} 5. Bb5 {[%emt 0:00:02]} Nd4 {[%emt 0:00:05]} 6. O-O {[%emt 0:
00:03]} Nxb5 {[%emt 0:02:59]} 7. Nxb5 {[%emt 0:00:02]} d6 {[%emt 0:00:15]} 8.
d3 {[%emt 0:00:27]} Nf6 {[%emt 0:00:14]} 9. Nc3 {[%emt 0:00:28]} b6 {[%emt 0:
01:42]} 10. Qe1 {[%emt 0:00:14]} Bb7 {[%emt 0:00:21]} 11. Qh4 {[%emt 0:00:28]}
Qd7 {[%emt 0:00:57]} 12. a4 {[%emt 0:01:34]} d5 {[%emt 0:00:22]} 13. e5 {
[%emt 0:01:14]} d4 {[%emt 0:00:10]} 14. Ne2 {[%emt 0:01:12]} Nd5 {[%emt 0:00:
02]} 15. c3 {[%emt 0:02:03]} Ne3 {[%emt 0:00:39]} 16. Bxe3 {[%emt 0:00:02]}
dxe3 {[%emt 0:00:01]} 17. d4 {[%emt 0:00:20]} Qd5 {[%emt 0:01:01]} 18. f5 {
[%emt 0:01:32]} Qe4 {[%emt 0:01:02]} 19. fxg6 {[%emt 0:01:31]} hxg6 {[%emt 0:
00:08]} 20. Qg3 {[%emt 0:01:12]} Bh6 {[%emt 0:00:47]} 21. a5 {[%emt 0:00:31]}
O-O {[%emt 0:00:51]} 22. a6 {[%emt 0:01:03]} Bc6 {[%emt 0:00:10]} 23. h4 {
[%emt 0:00:28]} Kg7 {[%emt 0:00:36]} 24. Ng5 {[%emt 0:00:16]} Bxg5 {[%emt 0:00:
01]} 25. Qxg5 {[%emt 0:00:04]} Rh8 {[%emt 0:00:40]} 26. Rf4 {[%emt 0:00:10]}
Qc2 {[%emt 0:00:00]} 27. Qxe7 {[%emt 0:00:07]} Raf8 {[%emt 0:00:29]} 28. Qf6+ {
[%emt 0:01:03]} Kg8 {[%emt 0:00:01]} 29. Qxc6 {[%emt 0:00:01]} Qxe2 {[%emt 0:
00:01]} 30. e6 {[%emt 0:00:24]} Qd2 {[%emt 0:02:01]} 31. exf7+ {[%emt 0:00:05]}
Kh7 {[%emt 0:00:01]} 32. h5 {[%emt 0:00:16]} gxh5 {[%emt 0:00:08]} 33. Qe4+ {
[%emt 0:00:04]} Kh6 {[%emt 0:00:11]} 34. Rf6+ {[%emt 0:00:06]} 1-0

[Event "Turning Torso Chess Event 2021"]
[Site "Malmoe"]
[Date "2021.08.22"]
[Round "13.5"]
[White "Smith, Axel"]
[Black "Schussler, Harry"]
[Result "1/2-1/2"]
[WhiteElo "2451"]
[BlackElo "2410"]
[Annotator "ChessBase"]
[PlyCount "52"]
[EventDate "2021.08.20"]
[EventType "tourn"]
[EventCountry "SWE"]
[SourceTitle "playchess.com"]
[Source "ChessBase"]
[SourceQuality "1"]
[TimeControl "900+5"]

1. d4 {[%emt 0:00:01]} Nf6 {[%emt 0:00:13]} 2. c4 {[%emt 0:00:01]} e6 {[%emt 0:
00:02]} 3. Nc3 {[%emt 0:00:01]} d5 {[%emt 0:00:07]} 4. cxd5 {[%emt 0:00:04]}
exd5 {[%emt 0:00:03]} 5. Bg5 {[%emt 0:00:02]} c6 {[%emt 0:00:15]} 6. Qc2 {
[%emt 0:00:10]} Be7 {[%emt 0:00:24]} 7. e3 {[%emt 0:00:02]} Nbd7 {[%emt 0:00:
38]} 8. Bd3 {[%emt 0:00:03]} Nf8 {[%emt 0:00:08]} 9. Nge2 {[%emt 0:00:10]} Ne6
{[%emt 0:00:06]} 10. Bh4 {[%emt 0:00:10]} g6 {[%emt 0:00:08]} 11. O-O {[%emt 0:
00:47]} O-O {[%emt 0:00:06]} 12. Rad1 {[%emt 0:01:24]} b6 {[%emt 0:00:37]} 13.
f3 {[%emt 0:00:26]} Bb7 {[%emt 0:00:18]} 14. Bf2 {[%emt 0:00:22]} c5 {[%emt 0:
00:41]} 15. dxc5 {[%emt 0:00:25]} bxc5 {[%emt 0:00:31]} 16. Bc4 {[%emt 0:02:51]
} Qa5 {[%emt 0:01:53]} 17. Nxd5 {[%emt 0:00:20]} Nxd5 {[%emt 0:00:08]} 18. Bxd5
{[%emt 0:00:02]} Bxd5 {[%emt 0:00:08]} 19. Rxd5 {[%emt 0:00:02]} Qxa2 {[%emt 0:
00:04]} 20. Nc3 {[%emt 0:00:17]} Qa6 {[%emt 0:02:51]} 21. Rd7 {[%emt 0:00:10]}
Bf6 {[%emt 0:00:36]} 22. Nd5 {[%emt 0:00:29]} Bg7 {[%emt 0:00:12]} 23. Nc7 {
[%emt 0:04:13]} Qc6 {[%emt 0:02:14]} 24. Nxe6 {[%emt 0:00:08]} Qxd7 {[%emt 0:
00:03]} 25. Nxf8 {[%emt 0:00:06]} Bxf8 {[%emt 0:00:02]} 26. e4 {[%emt 0:00:36]}
Rb8 {[%emt 0:00:07]} 1/2-1/2

[Event "Turning Torso Chess Event 2021"]
[Site "Malmoe"]
[Date "2021.08.22"]
[Round "17.1"]
[White "Blomqvist, Erik"]
[Black "Agrest, Evgenij"]
[Result "1/2-1/2"]
[WhiteElo "2537"]
[BlackElo "2568"]
[Annotator "ChessBase"]
[PlyCount "67"]
[EventDate "2021.08.20"]
[EventType "tourn"]
[EventCountry "SWE"]
[SourceTitle "playchess.com"]
[Source "ChessBase"]
[SourceQuality "1"]
[TimeControl "900+5"]

1. e4 {[%emt 0:00:04]} c6 {[%emt 0:00:02]} 2. d4 {[%emt 0:00:02]} d5 {[%emt 0:
00:02]} 3. exd5 {[%emt 0:00:02]} cxd5 {[%emt 0:00:02]} 4. Bd3 {[%emt 0:00:02]}
Nc6 {[%emt 0:00:03]} 5. c3 {[%emt 0:00:01]} Nf6 {[%emt 0:00:03]} 6. Bf4 {
[%emt 0:00:03]} Bg4 {[%emt 0:01:02]} 7. Qb3 {[%emt 0:00:03]} Qc8 {[%emt 0:00:
02]} 8. Nd2 {[%emt 0:00:04]} e6 {[%emt 0:00:18]} 9. Ngf3 {[%emt 0:00:03]} Nh5 {
[%emt 0:00:32]} 10. Be5 {[%emt 0:01:41]} f6 {[%emt 0:00:43]} 11. Bg3 {[%emt 0:
00:06]} g6 {[%emt 0:00:33]} 12. O-O-O {[%emt 0:00:37]} Bh6 {[%emt 0:00:27]} 13.
Be2 {[%emt 0:02:52]} Nf4 {[%emt 0:02:11]} 14. Bxf4 {[%emt 0:00:18]} Bxf4 {
[%emt 0:00:02]} 15. Kb1 {[%emt 0:03:04]} O-O {[%emt 0:03:10]} 16. Nf1 {[%emt 0:
01:16]} b5 {[%emt 0:00:49]} 17. g3 {[%emt 0:00:31]} Bh6 {[%emt 0:00:24]} 18. h3
{[%emt 0:01:04]} Bxf3 {[%emt 0:00:14]} 19. Bxf3 {[%emt 0:00:01]} Rb8 {[%emt 0:
00:31]} 20. Ne3 {[%emt 0:01:49]} Bxe3 {[%emt 0:00:58]} 21. fxe3 {[%emt 0:00:01]
} Na5 {[%emt 0:00:02]} 22. Qb4 {[%emt 0:00:19]} Nc4 {[%emt 0:00:08]} 23. e4 {
[%emt 0:00:05]} dxe4 {[%emt 0:00:43]} 24. Bxe4 {[%emt 0:00:01]} Qd7 {[%emt 0:
00:08]} 25. Rhe1 {[%emt 0:00:44]} a5 {[%emt 0:00:28]} 26. Qb3 {[%emt 0:00:00]}
Qd6 {[%emt 0:00:36]} 27. Bd3 {[%emt 0:00:51]} Rfc8 {[%emt 0:00:06]} 28. Qc2 {
[%emt 0:01:14]} Kf7 {[%emt 0:00:09]} 29. Qe2 {[%emt 0:00:08]} Rb6 {[%emt 0:00:
17]} 30. g4 {[%emt 0:00:05]} Qd5 {[%emt 0:01:04]} 31. Be4 {[%emt 0:00:01]} Qd6
{[%emt 0:00:02]} 32. Bd3 {[%emt 0:00:01]} Qd5 {[%emt 0:00:02]} 33. Be4 {
[%emt 0:00:01]} Qd6 {[%emt 0:00:01]} 34. Bd3 {[%emt 0:00:01]} 1/2-1/2

[Event "Turning Torso Chess Event 2021"]
[Site "Malmoe"]
[Date "2021.08.22"]
[Round "10.5"]
[White "Hellers, Ferdinand"]
[Black "Brynell, Stellan"]
[Result "1/2-1/2"]
[WhiteElo "2592"]
[BlackElo "2422"]
[Annotator "TA"]
[PlyCount "65"]
[EventDate "2021.08.20"]
[EventType "tourn"]
[EventCountry "SWE"]
[SourceTitle "playchess.com"]
[Source "ChessBase"]
[SourceQuality "1"]

{[%evp 22,65,1,0,10,0,0,0,0,0,17,17,16,17,34,43,36,36,37,33,63,45,63,57,49,42,
23,28,41,0,6,0,84,0,0,0,0,0,0,0,0,0,0,0,0,0]} 1. Nf3 Nf6 2. c4 b6 3. g3 c5 4.
Bg2 Bb7 5. O-O g6 6. b3 Bg7 7. Bb2 O-O 8. Nc3 d5 9. Nxd5 Nxd5 10. Bxg7 Kxg7 11.
cxd5 Qxd5 12. d4 cxd4 {A30: Symmetrical English: Double Fianchetto and
Hedgehog.} 13. Nh4 Qd7 14. Bxb7 Qxb7 15. Qxd4+ Kg8 16. Rfd1 Nc6 17. Qe4 Rfd8
18. Nf3 Na5 {[#]} 19. Qf4 $146 ({Predecessor:} 19. Qh4 Qc7 20. Ng5 h5 21. Qe4
Rac8 22. Rac1 Rxd1+ 23. Rxd1 Nb7 24. Qf3 Nd6 25. e4 Qc2 26. Rxd6 Qc1+ 27. Kg2
Qxg5 28. Rd7 a5 29. h4 Qe5 {1/2-1/2 (29) Kholmov,R (2555)-Makarichev,S (2515)
Balashiha 1977}) 19... f6 20. h4 Rd7 21. h5 {[#] hxg6 is the strong threat.}
Rad8 22. Rxd7 Qxd7 23. hxg6 hxg6 24. Kg2 {Threatens to win with Qh6.} Qf5 25.
Qe3 (25. Qc7 {looks sharper.} Qd7 26. Rc1 Kg7 27. b4 Nb7 28. e4) 25... Kf7 26.
Rc1 Nb7 {[#]} (26... Rh8 $11 {keeps the balance.} 27. Nh4 Qd5+ 28. Qf3 Qg5) 27.
Rc7 (27. Qh6 $1 $16 {Black must now prevent Rc7.} Rg8 28. Rc7) 27... Rd7 $11 {
The position is equal.} 28. Rxd7 Qxd7 29. Qh6 g5 30. Qh7+ Kf8 31. e4 Nc5 32.
Qh8+ Kf7 33. Qh7+ {Weighted Error Value: White=0.07/Black=0.16} 1/2-1/2

[Event "Turning Torso Chess Event 2021"]
[Site "Malmoe"]
[Date "2021.08.22"]
[Round "14.1"]
[White "Agrest, Evgenij"]
[Black "Hector, Jonny"]
[Result "1-0"]
[WhiteElo "2568"]
[BlackElo "2465"]
[Annotator "TA"]
[PlyCount "53"]
[EventDate "2021.08.20"]
[EventType "tourn"]
[EventCountry "SWE"]
[SourceTitle "playchess.com"]
[Source "ChessBase"]
[SourceQuality "1"]

{[%evp 11,53,0,6,0,25,18,17,20,11,6,13,8,47,39,37,57,153,161,148,143,151,158,
155,150,155,134,249,251,304,298,487,475,471,423,413,407,528,532,530,529,515,
472,594,589]} 1. Nf3 d5 2. e3 Nf6 3. c4 e6 4. b3 Bd6 5. Bb2 O-O 6. Nc3 c6 7. d4
{A11: English Opening: 1...c6.} b6 8. Bd3 Nbd7 9. O-O {The position is equal.}
Bb7 10. Qe2 Re8 11. Rac1 $5 {[%mdl 4] An interesting side line.} c5 12. cxd5
exd5 13. Ba6 {[#]} cxd4 $146 (13... Qc8 $14 14. Bxb7 Qxb7) ({Predecessor:}
13... Qc8 14. Bxb7 Qxb7 15. Rfd1 Rac8 16. dxc5 bxc5 17. Qd2 Nb6 18. Nb5 Ne4 19.
Nxd6 Nxd6 20. Rxc5 Rxc5 {1-0 (40) Barle,J (2385)-Pavasovic,D (2592) Ljubljana
2004}) 14. Bxb7 $16 dxc3 15. Bxc3 Rb8 16. Bc6 Re6 {and if ...Bxh2+ works,
Black does fine.} 17. Nd4 Re4 18. g3 Nf8 (18... a5 $16 19. Bb2 Bc5) 19. Bb5 $18
Rc8 20. Nc6 Qd7 (20... Rxc6 {was necessary.} 21. Bxc6 Bc5 22. Bxf6 Qxf6) 21.
Bxf6 gxf6 {[#]} 22. Ne7+ $1 {[%mdl 576] Deflection} Qxe7 23. Rxc8 d4 24. Re8 {
White is clearly winning.} Qb7 25. Qf3 f5 26. exd4 Qd5 27. Bc4 {Weighted Error
Value: White=0.05/Black=0.43} 1-0

[Event "Turning Torso Chess Event 2021"]
[Site "Malmoe"]
[Date "2021.08.22"]
[Round "17.2"]
[White "Pantzar, Milton"]
[Black "Brynell, Stellan"]
[Result "1-0"]
[WhiteElo "2424"]
[BlackElo "2422"]
[Annotator "ChessBase"]
[PlyCount "103"]
[EventDate "2021.08.20"]
[EventType "tourn"]
[EventCountry "SWE"]
[SourceTitle "playchess.com"]
[Source "ChessBase"]
[SourceQuality "1"]
[TimeControl "900+5"]

1. d4 {[%emt 0:00:02]} Nf6 {[%emt 0:00:02]} 2. c4 {[%emt 0:00:03]} e6 {[%emt 0:
00:06]} 3. Nf3 {[%emt 0:00:17]} b6 {[%emt 0:00:10]} 4. g3 {[%emt 0:00:06]} Ba6
{[%emt 0:00:05]} 5. b3 {[%emt 0:00:05]} Bb7 {[%emt 0:00:02]} 6. Bg2 {[%emt 0:
00:08]} Bb4+ {[%emt 0:00:01]} 7. Bd2 {[%emt 0:00:06]} a5 {[%emt 0:00:01]} 8.
O-O {[%emt 0:00:25]} O-O {[%emt 0:00:02]} 9. Bc3 {[%emt 0:01:09]} d5 {[%emt 0:
00:11]} 10. Bb2 {[%emt 0:00:28]} Be7 {[%emt 0:01:17]} 11. Nc3 {[%emt 0:00:11]}
c5 {[%emt 0:02:39]} 12. cxd5 {[%emt 0:00:32]} Nxd5 {[%emt 0:00:03]} 13. dxc5 {
[%emt 0:01:52]} Nxc3 {[%emt 0:01:14]} 14. Bxc3 {[%emt 0:00:02]} Bxc5 {[%emt 0:
00:06]} 15. Rc1 {[%emt 0:02:59]} Qe7 {[%emt 0:04:16]} 16. Qc2 {[%emt 0:01:12]}
Ra7 {[%emt 0:00:59]} 17. Bd4 {[%emt 0:01:14]} Na6 {[%emt 0:00:50]} 18. Bxc5 {
[%emt 0:00:12]} Nxc5 {[%emt 0:00:05]} 19. Rfd1 {[%emt 0:00:47]} Be4 {[%emt 0:
00:15]} 20. Qb2 {[%emt 0:00:24]} Rd7 {[%emt 0:00:11]} 21. Ne5 {[%emt 0:00:48]}
Rxd1+ {[%emt 0:00:08]} 22. Rxd1 {[%emt 0:00:02]} Rd8 {[%emt 0:00:48]} 23. Rxd8+
{[%emt 0:00:34]} Qxd8 {[%emt 0:00:01]} 24. Bxe4 {[%emt 0:00:02]} Qd1+ {[%emt 0:
00:14]} 25. Kg2 {[%emt 0:00:02]} Nxe4 {[%emt 0:00:01]} 26. Nc4 {[%emt 0:01:21]}
f6 {[%emt 0:01:19]} 27. f3 {[%emt 0:00:08]} Nd6 {[%emt 0:01:06]} 28. Nxb6 {
[%emt 0:00:15]} h5 {[%emt 0:00:13]} 29. Nc4 {[%emt 0:00:18]} Nxc4 {[%emt 0:00:
31]} 30. bxc4 {[%emt 0:00:02]} Kf7 {[%emt 0:00:25]} 31. c5 {[%emt 0:00:11]} Qd5
{[%emt 0:00:05]} 32. Qc2 {[%emt 0:00:46]} Qc6 {[%emt 0:00:01]} 33. Qc4 {
[%emt 0:00:07]} a4 {[%emt 0:00:01]} 34. a3 {[%emt 0:00:09]} Ke7 {[%emt 0:00:03]
} 35. Kf2 {[%emt 0:00:09]} g5 {[%emt 0:00:03]} 36. h4 {[%emt 0:00:07]} gxh4 {
[%emt 0:00:06]} 37. gxh4 {[%emt 0:00:01]} Qc7 {[%emt 0:00:15]} 38. Ke3 {
[%emt 0:00:05]} Qe5+ {[%emt 0:00:06]} 39. Kd3 {[%emt 0:00:02]} Qb2 {[%emt 0:00:
06]} 40. Qxa4 {[%emt 0:00:05]} Qb1+ {[%emt 0:00:09]} 41. Qc2 {[%emt 0:00:07]}
Qa1 {[%emt 0:00:02]} 42. a4 {[%emt 0:00:11]} Kd7 {[%emt 0:00:01]} 43. c6+ {
[%emt 0:00:04]} Kc7 {[%emt 0:00:01]} 44. Qc4 {[%emt 0:00:02]} Qd1+ {[%emt 0:00:
11]} 45. Ke4 {[%emt 0:00:15]} Qd6 {[%emt 0:00:02]} 46. Qb5 {[%emt 0:00:15]} f5+
{[%emt 0:00:03]} 47. Ke3 {[%emt 0:00:03]} Qa3+ {[%emt 0:00:06]} 48. Kf2 {
[%emt 0:00:03]} Kd6 {[%emt 0:00:12]} 49. Qd3+ {[%emt 0:00:16]} Qxd3 {[%emt 0:
00:01]} 50. exd3 {[%emt 0:00:01]} f4 {[%emt 0:00:01]} 51. Ke2 {[%emt 0:00:09]}
Kxc6 {[%emt 0:00:02]} 52. Kd2 {[%emt 0:00:03]} 1-0

[Event "Turning Torso Chess Event 2021"]
[Site "Malmoe"]
[Date "2021.08.22"]
[Round "11.1"]
[White "Grandelius, Nils"]
[Black "Schussler, Harry"]
[Result "1-0"]
[WhiteElo "2666"]
[BlackElo "2410"]
[Annotator "TA"]
[PlyCount "87"]
[EventDate "2021.08.20"]
[EventType "tourn"]
[EventCountry "SWE"]
[SourceTitle "playchess.com"]
[Source "ChessBase"]
[SourceQuality "1"]

{[%evp 17,87,47,55,29,64,54,75,81,84,42,50,43,52,52,84,99,95,71,77,76,114,114,
114,109,108,115,115,118,116,116,121,113,131,130,130,129,123,122,162,122,126,
130,125,114,131,128,170,155,143,142,288,115,239,133,420,432,408,327,477,479,
459,494,512,550,539,529,525,490,12831,9791,1481,1146]} 1. c4 {Ribli,Z} b6 2.
Nc3 Bb7 3. e4 c5 4. Nf3 e6 5. d4 cxd4 6. Nxd4 a6 7. Bd3 d6 8. O-O Nf6 9. f4 Be7
10. f5 {B42: Sicilian: Kan Variation: 5 Bd3.} Nc6 11. Be3 {[#]} Qd7 $146 ({
Predecessor:} 11... Nxd4 12. Bxd4 O-O 13. fxe6 fxe6 14. Qe2 Kh8 15. Rad1 Nd7
16. Rxf8+ Qxf8 17. Na4 Bf6 18. Bxf6 Qxf6 {1/2-1/2 (46) Adams,M (2742)-Ivanchuk,
V (2717) Linares 2002 CBM 088 [Ribli,Z]}) 12. fxe6 {White is better.} fxe6 13.
Nxc6 Qxc6 14. Qf3 O-O $1 15. Qh3 e5 16. Nd5 $36 {[%mdl 2048] White is in
control.} Bd8 17. Kh1 Bc8 18. Qg3 Ra7 {[#]} 19. Bxb6 $1 {[%mdl 512]} Bxb6 20.
Nxf6+ Kh8 {[#]} 21. Nd7 {[%cal Rf1f8][%mdl 512]} Rg8 22. Nxb6 Qxb6 23. Qf2 Rb7
24. b3 Be6 25. Qxb6 Rxb6 26. Kg1 a5 27. Kf2 a4 28. Bc2 (28. bxa4 $6 Ra8 $16)
28... Ra8 29. Ke3 Kg8 30. Kd2 h6 31. Kc3 Ra7 32. Rab1 Rc7 33. Bd3 Ra7 (33...
Rbc6 $16 {keeps fighting.} 34. h3 (34. bxa4 Bxc4 35. Rb8+ Kh7 $15) 34... Bf7)
34. Rb2 $2 (34. b4 $18) 34... Rc7 (34... axb3 $16 35. axb3 (35. Rxb3 Rba6 $11)
35... Ra3) 35. Rff2 ({Better is} 35. bxa4 $18 Rbc6 36. Rb4) 35... d5 $2 {
[%mdl 8192]} (35... Rbc6 $16 36. Rbd2 (36. bxa4 Bxc4 37. Rfc2 Bxd3+ 38. Kxd3
Rxc2 $16) 36... Bf7) 36. exd5 $18 Bxd5 37. Rbe2 Re6 (37... Rf6 {might work
better.} 38. g3 axb3 39. axb3 Be6) 38. Rf5 {White is clearly winning.} axb3 39.
axb3 Bb7 40. Rfxe5 Rxe5 41. Rxe5 Bxg2 42. Bg6 {[%cal Re5e8]} Bc6 (42... Rc8
$142 43. b4 Rf8) 43. Rc5 Rc8 44. Bf5 {Weighted Error Value: White=0.16/Black=0.
37} 1-0

[Event "Turning Torso Chess Event 2021"]
[Site "Malmoe"]
[Date "2021.08.22"]
[Round "14.2"]
[White "Pantzar, Milton"]
[Black "Blomqvist, Erik"]
[Result "1-0"]
[WhiteElo "2424"]
[BlackElo "2537"]
[Annotator "RC"]
[PlyCount "91"]
[EventDate "2021.08.20"]
[EventType "tourn"]
[EventCountry "SWE"]
[SourceTitle "playchess.com"]
[Source "ChessBase"]
[SourceQuality "1"]
[TimeControl "900+5"]

1. d4 {[%emt 0:00:02]} Nf6 {[%emt 0:00:01]} 2. c4 {[%emt 0:00:02]} e6 {[%emt 0:
00:02]} 3. Nf3 {[%emt 0:00:04]} Bb4+ {[%emt 0:00:07]} 4. Nbd2 {[%emt 0:00:09]}
O-O {[%emt 0:00:02]} 5. a3 {[%emt 0:00:03]} Be7 {[%emt 0:00:02]} 6. e4 {
[%emt 0:00:04]} d6 {[%emt 0:00:02]} 7. Be2 {[%emt 0:00:15]} Nfd7 {[%emt 0:00:
03]} 8. b4 {[%emt 0:00:23]} e5 {[%emt 0:00:02]} 9. d5 {[%emt 0:00:06]} a5 {
[%emt 0:00:05]} 10. Bb2 {[%emt 0:00:03]} c5 {[%emt 0:00:11]} 11. b5 {[%emt 0:
00:14]} Nb6 {[%emt 0:00:04]} 12. Qc2 {[%emt 0:00:21]} f5 {[%emt 0:00:03]} 13.
exf5 {[%emt 0:02:24]} Bxf5 {[%emt 0:00:02]} 14. Bd3 {[%emt 0:00:01]} Bxd3 {
[%emt 0:00:16]} 15. Qxd3 {[%emt 0:00:02]} N8d7 {[%emt 0:00:11]} 16. Ne4 {
[%emt 0:00:38]} Qe8 {[%emt 0:00:46]} 17. Ke2 {[%emt 0:02:13]} Qg6 {[%emt 0:01:
05]} 18. Rag1 {[%emt 0:00:49]} Rf4 {[%emt 0:02:51]} 19. Nfd2 {[%emt 0:00:05]}
Raf8 {[%emt 0:00:01]} 20. f3 {[%emt 0:00:16]} Nf6 {[%emt 0:02:00]} 21. Nxf6+ {
[%emt 0:02:33]} Qxf6 {[%emt 0:01:31]} 22. Ne4 {[%emt 0:00:04]} Qg6 {[%emt 0:00:
01]} 23. Bc1 {[%emt 0:00:10]} R4f7 {[%emt 0:00:02]} 24. Bd2 {[%emt 0:00:19]}
Nd7 {[%emt 0:00:26]} 25. Bxa5 {[%emt 0:01:29]} b6 {[%emt 0:01:50]} 26. Bd2 {
[%emt 0:00:03]} Ra8 {[%emt 0:00:01]} 27. h4 {[%emt 0:00:38]} Rff8 {[%emt 0:00:
39]} 28. h5 {[%emt 0:00:08]} Qf7 {[%emt 0:00:19]} 29. g4 {[%emt 0:00:23]} Ra4 {
[%emt 0:00:08]} 30. g5 {[%emt 0:00:28]} Qe8 {[%emt 0:02:09]} 31. Bc1 {[%emt 0:
00:31]} Qc8 {[%emt 0:00:49]} 32. Kd1 {[%emt 0:00:08]} Nb8 {[%emt 0:00:56]} 33.
Rg3 {[%emt 0:00:15]} Qf5 {[%emt 0:00:24]} 34. Kc2 {[%emt 0:00:22]} Nd7 {
[%emt 0:00:15]} 35. Kb3 {[%emt 0:00:27]} Ra7 {[%emt 0:00:07]} 36. Rhg1 {
[%emt 0:00:13]} Kh8 {[%emt 0:00:20]} 37. Rh1 {[%emt 0:00:12]} Rg8 {[%emt 0:00:
10]} 38. Qf1 {[%emt 0:00:20]} Raa8 {[%emt 0:00:02]} 39. Qh3 {[%emt 0:00:02]}
Raf8 {[%emt 0:00:01]} 40. h6 {[%emt 0:00:47]} g6 {[%emt 0:00:09]} 41. Bd2 {
[%emt 0:00:07]} Rf7 {[%emt 0:00:03]} 42. Qg2 {[%emt 0:00:09]} Ra8 {[%emt 0:00:
04]} 43. Ra1 {[%emt 0:00:10]} Rff8 {[%emt 0:00:02]} 44. Qe2 {[%emt 0:00:08]}
Ra7 {[%emt 0:00:01]} 45. a4 {[%emt 0:00:07]} Rfa8 {[%emt 0:00:01]} 46. Qe1 {
[%emt 0:00:05]} 1-0

[Event "Turning Torso Chess Event 2021"]
[Site "Malmoe"]
[Date "2021.08.22"]
[Round "17.3"]
[White "Westerberg, Jonathan"]
[Black "Grandelius, Nils"]
[Result "1/2-1/2"]
[WhiteElo "2526"]
[BlackElo "2666"]
[Annotator "ChessBase"]
[PlyCount "49"]
[EventDate "2021.08.20"]
[EventType "tourn"]
[EventCountry "SWE"]
[SourceTitle "playchess.com"]
[Source "ChessBase"]
[SourceQuality "1"]
[TimeControl "900+5"]

1. e4 {[%emt 0:00:06]} c6 {[%emt 0:00:24]} 2. d4 {[%emt 0:01:20]} d5 {[%emt 0:
00:02]} 3. Nc3 {[%emt 0:00:02]} dxe4 {[%emt 0:00:08]} 4. Nxe4 {[%emt 0:00:01]}
Nf6 {[%emt 0:00:02]} 5. Nxf6+ {[%emt 0:00:17]} exf6 {[%emt 0:00:02]} 6. Bc4 {
[%emt 0:00:46]} Na6 {[%emt 0:00:33]} 7. c3 {[%emt 0:00:41]} Nc7 {[%emt 0:01:41]
} 8. Bf4 {[%emt 0:01:01]} Nd5 {[%emt 0:00:19]} 9. Bg3 {[%emt 0:00:34]} Be6 {
[%emt 0:00:12]} 10. Bb3 {[%emt 0:00:11]} h5 {[%emt 0:01:40]} 11. h3 {[%emt 0:
00:26]} h4 {[%emt 0:00:27]} 12. Bh2 {[%emt 0:00:02]} Bd6 {[%emt 0:00:04]} 13.
Bxd6 {[%emt 0:00:04]} Qxd6 {[%emt 0:00:02]} 14. Ne2 {[%emt 0:00:02]} a5 {
[%emt 0:01:43]} 15. Qd2 {[%emt 0:03:04]} a4 {[%emt 0:00:13]} 16. Bc2 {[%emt 0:
00:02]} b5 {[%emt 0:00:18]} 17. f4 {[%emt 0:01:01]} Nb6 {[%emt 0:01:16]} 18.
O-O {[%emt 0:00:52]} Nc4 {[%emt 0:00:08]} 19. Qc1 {[%emt 0:00:02]} f5 {[%emt 0:
00:28]} 20. b3 {[%emt 0:00:14]} Nb6 {[%emt 0:02:31]} 21. Qe3 {[%emt 0:00:37]}
O-O {[%emt 0:00:35]} 22. Qf2 {[%emt 0:00:31]} Qd8 {[%emt 0:00:17]} 23. Kh2 {
[%emt 0:00:40]} g6 {[%emt 0:00:06]} 24. Ng1 {[%emt 0:00:27]} Nd5 {[%emt 0:00:
22]} 25. bxa4 {[%emt 0:00:47]} 1/2-1/2